[Event "SUI-chT"]
[Site "Switzerland"]
[Date "2009.04.26"]
[Round "3.1"]
[White "Carron, Julien"]
[Black "Istratescu, Andrei"]
[Result "1/2-1/2"]
[WhiteElo "2411"]
[BlackElo "2617"]
[PlyCount "20"]
[EventDate "2009.02.22"]
[EventType "team-tourn"]
[EventRounds "9"]
[EventCountry "SUI"]
[SourceTitle "EXT 2011"]
[Source "ChessBase"]
[SourceDate "2010.11.26"]
[SourceVersion "1"]
[SourceVersionDate "2010.11.26"]
[SourceQuality "1"]
[WhiteTeam "Wollishofen"]
[BlackTeam "Mendrisio"]
[WhiteTeamCountry "SUI"]
[BlackTeamCountry "SUI"]

1. d4 Nf6 2. c4 e6 3. g3 d5 4. Bg2 dxc4 5. Nf3 a6 6. 0-0 Nc6 7. Nc3 Rb8 8. e3 b5 9. Qe2 Be7 10. Rd1 Nd5 1/2-1/2